000 00667 a2200193 4500
020 _a0805822763
040 _aDLC
_bDLC
082 0 0 _a808/.042/07
100 1 _aWilliams, James D.
245 1 0 _aPreparing to teach writing
_cJames D. Williams.
260 _aMahwah, N.J. :
_bLawrence Erlbaum Associates,
_c1996.
300 _ap. cm.
500 _aOriginally published: Belmont, Calif. : Wadsworth Pub. Co., c1989.
650 0 _aEnglish language
_xRhetoric
_xStudy and teaching.
650 0 _aEnglish language
_xComposition and exercises.
650 0 _aReport writing
_xStudy and teaching.
650 0 _aEnglish teachers
_xTraining of.
942 _cBK
_k808.04207 WIL
_2ddc
999 _c4845
_d4845